[Event "DEM U12 2025"]
[Site "Willingen GER"]
[Date "2025.06.13"]
[Round "8"]
[White "Nain, Medhansh"]
[Black "Dotschuweit, Erik"]
[Result "1-0"]
[Termination "normal"]
[Board "20"]
[WhiteElo "1732"]
[BlackElo "1676"]
[WhiteClock "01:20:23"]
[BlackClock "01:03:31"]
[PlyCount "29"]
[WhiteFideId "34684875"]
[BlackFideId "34610146"]
[EventCountry "GER"]
[EventRounds "9"]
[EventType "swiss"]
[EventDate "2025.06.07"]

1. e4 {[%clk 01:30:59]} c6 {[%clk 01:30:50]} {[%emt 00:00:11]} 2. d4 {[%clk
01:31:22]} {[%emt 00:00:06]} d5 {[%clk 01:31:08]} {[%emt 00:00:12]} 3. Nc3
{[%clk 01:31:42]} {[%emt 00:00:11]} dxe4 {[%clk 01:31:23]} {[%emt 00:00:15]} 4.
Nxe4 {[%clk 01:32:06]} {[%emt 00:00:05]} Nf6 {[%clk 01:31:47]} {[%emt
00:00:07]} 5. Nxf6+ {[%clk 01:32:25]} {[%emt 00:00:10]} exf6 {[%clk 01:32:07]}
{[%emt 00:00:10]} 6. c3 {[%clk 01:32:46]} {[%emt 00:00:10]} Bd6 {[%clk
01:32:06]} {[%emt 00:00:31]} 7. Bd3 {[%clk 01:33:07]} {[%emt 00:00:08]} O-O
{[%clk 01:32:20]} {[%emt 00:00:17]} 8. Ne2 {[%clk 01:33:05]} {[%emt 00:00:32]}
h5 {[%clk 01:23:26]} {[%emt 00:09:23]} 9. O-O {[%clk 01:28:57]} {[%emt
00:04:38]} h4 {[%clk 01:22:59]} {[%emt 00:00:57]} 10. Nf4 {[%clk 01:27:05]}
{[%emt 00:02:23]} Qc7 {[%clk 01:19:53]} {[%emt 00:03:36]} 11. Qh5 {[%clk
01:24:35]} {[%emt 00:03:00]} g6 {[%clk 01:05:56]} {[%emt 00:14:27]} 12. Qxh4
{[%clk 01:24:39]} {[%emt 00:00:25]} Kg7 {[%clk 01:04:41]} {[%emt 00:01:46]} 13.
Nh5+ {[%clk 01:20:00]} {[%emt 00:05:09]} gxh5 {[%clk 01:03:59]} {[%emt
00:01:10]} 14. Bh6+ {[%clk 01:20:17]} {[%emt 00:00:15]} Kg8 {[%clk 01:03:31]}
{[%emt 00:00:58]} 15. Qxf6 {[%clk 01:20:23]} {[%emt 00:00:24]} 1-0

[Event "DEM U12 2025"]
[Site "Willingen GER"]
[Date "2025.06.13"]
[Round "8"]
[White "Wettstein, Levin"]
[Black "Fels, Mattis"]
[Result "1-0"]
[Termination "normal"]
[Board "21"]
[WhiteElo "1760"]
[BlackElo "1758"]
[WhiteClock "00:44:00"]
[BlackClock "00:44:56"]
[PlyCount "109"]
[WhiteFideId "34635866"]
[BlackFideId "34623795"]
[EventCountry "GER"]
[EventRounds "9"]
[EventType "swiss"]
[EventDate "2025.06.07"]

1. e4 {[%clk 01:30:58]} c5 {[%clk 01:30:58]} {[%emt 00:00:03]} 2. Nc3 {[%clk
01:31:21]} {[%emt 00:00:06]} e6 {[%clk 01:31:25]} {[%emt 00:00:04]} 3. Nf3
{[%clk 01:31:45]} {[%emt 00:00:06]} Nc6 {[%clk 01:31:52]} {[%emt 00:00:03]} 4.
d4 {[%clk 01:32:05]} {[%emt 00:00:10]} cxd4 {[%clk 01:32:21]} {[%emt 00:00:01]}
5. Nxd4 {[%clk 01:32:25]} {[%emt 00:00:09]} Qc7 {[%clk 01:32:48]} {[%emt
00:00:04]} 6. Ndb5 {[%clk 01:32:12]} {[%emt 00:00:43]} Qb8 {[%clk 01:33:12]}
{[%emt 00:00:07]} 7. Be3 {[%clk 01:30:37]} {[%emt 00:02:04]} a6 {[%clk
01:33:25]} {[%emt 00:00:18]} 8. Nd4 {[%clk 01:30:00]} {[%emt 00:01:06]} Qc7
{[%clk 01:33:14]} {[%emt 00:00:42]} 9. Qd2 {[%clk 01:28:57]} {[%emt 00:01:32]}
Nf6 {[%clk 01:33:19]} {[%emt 00:00:25]} 10. O-O-O {[%clk 01:26:08]} {[%emt
00:03:20]} Bb4 {[%clk 01:33:39]} {[%emt 00:00:09]} 11. f3 {[%clk 01:23:13]}
{[%emt 00:03:25]} Ne5 {[%clk 01:34:03]} {[%emt 00:00:06]} 12. Bf4 {[%clk
01:21:43]} {[%emt 00:01:58]} b5 {[%clk 01:26:47]} {[%emt 00:07:48]} 13. Nb3
{[%clk 01:18:34]} {[%emt 00:03:40]} d5 {[%clk 01:22:56]} {[%emt 00:04:20]} 14.
Qd4 {[%clk 01:12:56]} {[%emt 00:06:08]} Nd3+ {[%clk 01:21:16]} {[%emt
00:02:10]} 15. Qxd3 {[%clk 01:10:59]} {[%emt 00:02:26]} Qxf4+ {[%clk 01:20:02]}
{[%emt 00:01:45]} 16. Kb1 {[%clk 01:11:16]} {[%emt 00:00:13]} Bxc3 {[%clk
01:19:18]} {[%emt 00:01:14]} 17. Qxc3 {[%clk 01:09:15]} {[%emt 00:02:31]} O-O
{[%clk 01:19:08]} {[%emt 00:00:40]} 18. g3 {[%clk 01:08:09]} {[%emt 00:01:36]}
Qb8 {[%clk 01:17:23]} {[%emt 00:02:15]} 19. e5 {[%clk 01:00:41]} {[%emt
00:07:58]} Nd7 {[%clk 01:17:25]} {[%emt 00:00:28]} 20. f4 {[%clk 01:00:36]}
{[%emt 00:00:35]} Bb7 {[%clk 01:15:03]} {[%emt 00:02:52]} 21. Rg1 {[%clk
01:00:46]} {[%emt 00:00:20]} Rc8 {[%clk 01:15:01]} {[%emt 00:00:32]} 22. Qd3
{[%clk 01:00:31]} {[%emt 00:00:44]} Nb6 {[%clk 01:09:38]} {[%emt 00:05:54]} 23.
Na5 {[%clk 00:59:40]} {[%emt 00:01:20]} Nd7 {[%clk 01:05:25]} {[%emt 00:04:44]}
24. Nxb7 {[%clk 00:59:25]} {[%emt 00:00:45]} Qxb7 {[%clk 01:05:52]} {[%emt
00:00:04]} 25. Bg2 {[%clk 00:58:57]} {[%emt 00:00:57]} Rc4 {[%clk 01:03:23]}
{[%emt 00:02:59]} 26. Rge1 {[%clk 00:51:42]} {[%emt 00:07:45]} Rac8 {[%clk
01:01:54]} {[%emt 00:01:59]} 27. Rc1 {[%clk 00:51:01]} {[%emt 00:01:12]} Qc7
{[%clk 01:01:17]} {[%emt 00:01:06]} 28. Qd2 {[%clk 00:46:40]} {[%emt 00:04:51]}
b4 {[%clk 00:51:33]} {[%emt 00:10:14]} 29. f5 {[%clk 00:44:41]} {[%emt
00:02:29]} Nxe5 {[%clk 00:40:27]} {[%emt 00:11:36]} 30. fxe6 {[%clk 00:43:58]}
{[%emt 00:01:13]} fxe6 {[%clk 00:40:39]} {[%emt 00:00:18]} 31. Qe2 {[%clk
00:43:53]} {[%emt 00:00:34]} Nf7 {[%clk 00:40:52]} {[%emt 00:00:18]} 32. Qxe6
{[%clk 00:43:48]} {[%emt 00:00:35]} h6 {[%clk 00:40:02]} {[%emt 00:01:22]} 33.
Bxd5 {[%clk 00:42:52]} {[%emt 00:01:27]} Rc5 {[%clk 00:39:05]} {[%emt
00:01:27]} 34. Bb3 {[%clk 00:42:15]} {[%emt 00:01:06]} Rc6 {[%clk 00:39:25]}
{[%emt 00:00:12]} 35. Qe7 {[%clk 00:37:14]} {[%emt 00:05:30]} Rd8 {[%clk
00:39:33]} {[%emt 00:00:23]} 36. Bxf7+ {[%clk 00:37:27]} {[%emt 00:00:17]} Kh8
{[%clk 00:39:31]} {[%emt 00:00:31]} 37. Qxc7 {[%clk 00:37:51]} {[%emt
00:00:06]} Rxc7 {[%clk 00:39:57]} {[%emt 00:00:04]} 38. Re8+ {[%clk 00:38:10]}
{[%emt 00:00:11]} Rxe8 {[%clk 00:40:23]} {[%emt 00:00:03]} 39. Bxe8 {[%clk
00:38:34]} {[%emt 00:00:06]} Re7 {[%clk 00:40:44]} {[%emt 00:00:10]} 40. Bg6
{[%clk 00:38:54]} {[%emt 00:00:10]} Re6 {[%clk 00:41:04]} {[%emt 00:00:10]} 41.
Bd3 {[%clk 00:39:18]} {[%emt 00:00:06]} a5 {[%clk 00:41:24]} {[%emt 00:00:10]}
42. Rf1 {[%clk 00:39:33]} {[%emt 00:00:15]} g5 {[%clk 00:41:47]} {[%emt
00:00:06]} 43. b3 {[%clk 00:39:50]} {[%emt 00:00:13]} Kg7 {[%clk 00:42:12]}
{[%emt 00:00:06]} 44. Kc1 {[%clk 00:40:11]} {[%emt 00:00:09]} Re5 {[%clk
00:42:30]} {[%emt 00:00:12]} 45. Rf5 {[%clk 00:40:26]} {[%emt 00:00:15]} Re1+
{[%clk 00:42:29]} {[%emt 00:00:31]} 46. Kd2 {[%clk 00:40:48]} {[%emt 00:00:07]}
Rh1 {[%clk 00:42:52]} {[%emt 00:00:07]} 47. Rxa5 {[%clk 00:41:06]} {[%emt
00:00:13]} Rxh2+ {[%clk 00:43:17]} {[%emt 00:00:05]} 48. Ke3 {[%clk 00:41:30]}
{[%emt 00:00:06]} Kf6 {[%clk 00:43:33]} {[%emt 00:00:14]} 49. a4 {[%clk
00:41:50]} {[%emt 00:00:10]} bxa3 {[%clk 00:43:57]} {[%emt 00:00:07]} 50. Rxa3
{[%clk 00:42:14]} {[%emt 00:00:05]} h5 {[%clk 00:44:19]} {[%emt 00:00:09]} 51.
Ra6+ {[%clk 00:42:21]} {[%emt 00:00:22]} Ke5 {[%clk 00:44:09]} {[%emt
00:00:40]} 52. Ra5+ {[%clk 00:42:47]} {[%emt 00:00:05]} Kf6 {[%clk 00:44:30]}
{[%emt 00:00:08]} 53. Rf5+ {[%clk 00:43:12]} {[%emt 00:00:05]} Ke6 {[%clk
00:44:42]} {[%emt 00:00:19]} 54. Rxg5 {[%clk 00:43:36]} {[%emt 00:00:05]} Rh3
{[%clk 00:44:56]} {[%emt 00:00:16]} 55. Bf5+ {[%clk 00:44:00]} {[%emt
00:00:06]} 1-0

[Event "DEM U12 2025"]
[Site "Willingen GER"]
[Date "2025.06.13"]
[Round "8"]
[White "Baumann, Simon"]
[Black "Al Luwaisi, Omer"]
[Result "1/2-1/2"]
[Termination "normal"]
[Board "22"]
[WhiteElo "1713"]
[BlackElo "1683"]
[WhiteClock "01:14:56"]
[BlackClock "00:25:14"]
[PlyCount "36"]
[WhiteFideId "34643664"]
[BlackFideId "34645888"]
[EventCountry "GER"]
[EventRounds "9"]
[EventType "swiss"]
[EventDate "2025.06.07"]

1. e4 {[%clk 01:30:59]} {[%emt 00:00:01]} e6 {[%clk 01:30:18]} {[%emt
00:00:43]} 2. d4 {[%clk 01:31:24]} {[%emt 00:00:04]} d5 {[%clk 01:30:44]}
{[%emt 00:00:03]} 3. Bd3 {[%clk 01:31:50]} {[%emt 00:00:04]} dxe4 {[%clk
01:31:05]} {[%emt 00:00:10]} 4. Bxe4 {[%clk 01:32:14]} {[%emt 00:00:06]} Nf6
{[%clk 01:31:31]} {[%emt 00:00:03]} 5. Bf3 {[%clk 01:32:41]} {[%emt 00:00:03]}
Be7 {[%clk 01:26:40]} {[%emt 00:05:21]} 6. Ne2 {[%clk 01:32:03]} {[%emt
00:01:08]} O-O {[%clk 01:20:54]} {[%emt 00:06:15]} 7. O-O {[%clk 01:32:05]}
{[%emt 00:00:29]} Nbd7 {[%clk 01:18:34]} {[%emt 00:02:50]} 8. c4 {[%clk
01:26:39]} {[%emt 00:05:56]} c5 {[%clk 01:08:18]} {[%emt 00:10:46]} 9. b3
{[%clk 01:24:59]} {[%emt 00:02:09]} cxd4 {[%clk 01:01:02]} {[%emt 00:07:47]}
10. Nxd4 {[%clk 01:23:42]} {[%emt 00:01:47]} Ne5 {[%clk 00:57:00]} {[%emt
00:04:31]} 11. Bb2 {[%clk 01:22:56]} {[%emt 00:01:16]} Nxf3+ {[%clk 00:57:19]}
{[%emt 00:00:11]} 12. Qxf3 {[%clk 01:23:22]} {[%emt 00:00:03]} Qb6 {[%clk
00:50:46]} {[%emt 00:07:04]} 13. Nd2 {[%clk 01:20:03]} {[%emt 00:03:49]} Rd8
{[%clk 00:47:52]} {[%emt 00:03:23]} 14. Qf4 {[%clk 01:18:36]} {[%emt 00:01:58]}
Bd6 {[%clk 00:36:40]} {[%emt 00:11:39]} 15. Qh4 {[%clk 01:17:13]} {[%emt
00:01:55]} Be7 {[%clk 00:29:58]} {[%emt 00:07:06]} 16. Qf4 {[%clk 01:14:04]}
{[%emt 00:03:44]} Bd6 {[%clk 00:27:00]} {[%emt 00:03:28]} 17. Qh4 {[%clk
01:14:29]} {[%emt 00:00:06]} Be7 {[%clk 00:26:17]} {[%emt 00:03:39]} 18. Qf4
{[%clk 01:14:56]} {[%emt 00:00:03]} Bd6 {[%clk 00:25:14]} {[%emt 00:01:34]}
1/2-1/2

[Event "DEM U12 2025"]
[Site "Willingen GER"]
[Date "2025.06.13"]
[Round "8"]
[White "Rusch, Levi Adrian"]
[Black "Teng, David"]
[Result "1-0"]
[Termination "normal"]
[Board "23"]
[WhiteElo "1660"]
[BlackElo "1837"]
[WhiteClock "00:15:59"]
[BlackClock "00:22:18"]
[PlyCount "47"]
[WhiteFideId "34660224"]
[BlackFideId "34604570"]
[EventCountry "GER"]
[EventRounds "9"]
[EventType "swiss"]
[EventDate "2025.06.07"]

1. d4 {[%clk 01:30:59]} {[%emt 13:38:46]} d5 {[%clk 01:30:47]} {[%emt
00:00:13]} 2. Nc3 {[%clk 01:31:23]} {[%emt 00:00:06]} c5 {[%clk 01:31:02]}
{[%emt 00:00:15]} 3. dxc5 {[%clk 01:31:07]} {[%emt 00:00:45]} e6 {[%clk
01:31:15]} {[%emt 00:00:17]} 4. e4 {[%clk 01:30:27]} {[%emt 00:01:10]} Nf6
{[%clk 01:30:55]} {[%emt 00:00:50]} 5. Bg5 {[%clk 01:28:53]} {[%emt 00:02:05]}
Nc6 {[%clk 01:22:39]} {[%emt 00:08:47]} 6. exd5 {[%clk 01:22:37]} {[%emt
00:06:46]} exd5 {[%clk 01:21:33]} {[%emt 00:01:36]} 7. Bxf6 {[%clk 01:20:58]}
{[%emt 00:02:08]} gxf6 {[%clk 01:21:22]} {[%emt 00:00:41]} 8. Qxd5 {[%clk
01:20:06]} {[%emt 00:01:21]} Qe7+ {[%clk 01:20:58]} {[%emt 00:00:54]} 9. Be2
{[%clk 01:17:47]} {[%emt 00:02:50]} Nb4 {[%clk 01:18:29]} {[%emt 00:02:59]} 10.
Qb3 {[%clk 01:08:15]} {[%emt 00:10:01]} Nc6 {[%clk 01:11:31]} {[%emt 00:07:29]}
11. Nd5 {[%clk 01:04:53]} {[%emt 00:03:52]} Qd8 {[%clk 01:09:09]} {[%emt
00:02:52]} 12. O-O-O {[%clk 01:00:59]} {[%emt 00:04:24]} Be6 {[%clk 01:08:29]}
{[%emt 00:01:09]} 13. Qxb7 {[%clk 00:51:18]} {[%emt 00:10:11]} Bxd5 {[%clk
01:03:31]} {[%emt 00:05:28]} 14. Rxd5 {[%clk 00:50:50]} {[%emt 00:00:58]} Bh6+
{[%clk 00:57:38]} {[%emt 00:06:24]} 15. Kb1 {[%clk 00:49:22]} {[%emt 00:01:57]}
Qxd5 {[%clk 00:57:34]} {[%emt 00:00:36]} 16. Qxa8+ {[%clk 00:49:00]} {[%emt
00:00:51]} Ke7 {[%clk 00:57:57]} {[%emt 00:00:07]} 17. Qb7+ {[%clk 00:48:42]}
{[%emt 00:00:48]} Kf8 {[%clk 00:57:29]} {[%emt 00:00:58]} 18. Nf3 {[%clk
00:43:14]} {[%emt 00:05:58]} Kg7 {[%clk 00:56:28]} {[%emt 00:01:31]} 19. Rd1
{[%clk 00:36:48]} {[%emt 00:06:56]} Qxc5 {[%clk 00:52:39]} {[%emt 00:04:18]}
20. Qc7 {[%clk 00:18:51]} {[%emt 00:18:29]} Re8 {[%clk 00:44:23]} {[%emt
00:08:46]} 21. Bd3 {[%clk 00:17:34]} {[%emt 00:01:48]} Re7 {[%clk 00:35:23]}
{[%emt 00:09:30]} 22. Qc8 {[%clk 00:15:49]} {[%emt 00:02:15]} a5 {[%clk
00:31:08]} {[%emt 00:04:45]} 23. Nh4 {[%clk 00:16:05]} {[%emt 00:00:14]} Re5
{[%clk 00:22:18]} {[%emt 00:09:20]} 24. Nf5+ {[%clk 00:15:59]} {[%emt
00:00:35]} 1-0

[Event "DEM U12 2025"]
[Site "Willingen GER"]
[Date "2025.06.13"]
[Round "8"]
[White "Spielmann, Jan"]
[Black "Hamann, Friedrich"]
[Result "0-1"]
[Termination "normal"]
[Board "24"]
[WhiteElo "1667"]
[BlackElo "1822"]
[WhiteClock "00:01:41"]
[BlackClock "00:02:47"]
[PlyCount "78"]
[WhiteFideId "34680039"]
[BlackFideId "34622829"]
[EventCountry "GER"]
[EventRounds "9"]
[EventType "swiss"]
[EventDate "2025.06.07"]

1. e4 {[%clk 01:30:59]} d5 {[%clk 01:30:09]} {[%emt 00:00:51]} 2. exd5 {[%clk
01:31:19]} {[%emt 00:00:11]} Nf6 {[%clk 01:29:00]} {[%emt 00:01:38]} 3. d4
{[%clk 01:30:53]} {[%emt 00:00:57]} Qxd5 {[%clk 01:26:36]} {[%emt 00:02:53]} 4.
Nc3 {[%clk 01:28:17]} {[%emt 00:03:06]} Qd6 {[%clk 01:20:57]} {[%emt 00:06:09]}
5. Nf3 {[%clk 01:23:37]} {[%emt 00:05:09]} Bg4 {[%clk 01:18:19]} {[%emt
00:03:08]} 6. g3 {[%clk 01:12:56]} {[%emt 00:11:11]} e5 {[%clk 01:09:34]}
{[%emt 00:09:16]} 7. Bg2 {[%clk 00:56:53]} {[%emt 00:16:33]} e4 {[%clk
01:00:29]} {[%emt 00:09:36]} 8. Qe2 {[%clk 00:55:59]} {[%emt 00:01:22]} Qe7
{[%clk 00:58:18]} {[%emt 00:02:41]} 9. Nxe4 {[%clk 00:36:18]} {[%emt 00:20:11]}
Nxe4 {[%clk 00:48:43]} {[%emt 00:10:05]} 10. O-O {[%clk 00:34:23]} {[%emt
00:02:25]} Nc6 {[%clk 00:44:05]} {[%emt 00:05:09]} 11. Re1 {[%clk 00:29:26]}
{[%emt 00:05:27]} f5 {[%clk 00:41:19]} {[%emt 00:03:16]} 12. c3 {[%clk
00:11:40]} {[%emt 00:18:18]} O-O-O {[%clk 00:39:13]} {[%emt 00:02:35]} 13. Qc4
{[%clk 00:08:07]} {[%emt 00:04:04]} Qf6 {[%clk 00:33:54]} {[%emt 00:05:48]} 14.
d5 {[%clk 00:04:35]} {[%emt 00:04:02]} Bxf3 {[%clk 00:24:31]} {[%emt 00:09:54]}
15. dxc6 {[%clk 00:00:57]} {[%emt 00:04:08]} Bxg2 {[%clk 00:24:19]} {[%emt
00:00:42]} 16. cxb7+ {[%clk 00:01:15]} {[%emt 00:00:12]} Kb8 {[%clk 00:24:02]}
{[%emt 00:00:47]} 17. Kxg2 {[%clk 00:01:36]} {[%emt 00:00:09]} Qb6 {[%clk
00:22:57]} {[%emt 00:01:34]} 18. Be3 {[%clk 00:00:37]} {[%emt 00:01:30]} Qxb7
{[%clk 00:21:56]} {[%emt 00:01:31]} 19. Kg1 {[%clk 00:00:41]} {[%emt 00:00:26]}
Bd6 {[%clk 00:20:26]} {[%emt 00:01:59]} 20. Qf7 {[%clk 00:00:43]} {[%emt
00:00:25]} g6 {[%clk 00:19:02]} {[%emt 00:01:57]} 21. Qc4 {[%clk 00:00:52]}
{[%emt 00:00:22]} Rhe8 {[%clk 00:18:24]} {[%emt 00:01:08]} 22. a4 {[%clk
00:01:01]} {[%emt 00:00:21]} Be7 {[%clk 00:15:26]} {[%emt 00:03:28]} 23. a5
{[%clk 00:01:09]} {[%emt 00:00:22]} a6 {[%clk 00:14:54]} {[%emt 00:01:01]} 24.
b4 {[%clk 00:01:10]} {[%emt 00:00:30]} Qb5 {[%clk 00:14:10]} {[%emt 00:01:15]}
25. Qb3 {[%clk 00:01:16]} {[%emt 00:00:23]} Rd3 {[%clk 00:12:31]} {[%emt
00:02:08]} 26. Bd4 {[%clk 00:01:08]} {[%emt 00:00:38]} Nd2 {[%clk 00:12:01]}
{[%emt 00:01:01]} 27. Qf7 {[%clk 00:00:46]} {[%emt 00:00:52]} Nf3+ {[%clk
00:12:17]} {[%emt 00:00:14]} 28. Kg2 {[%clk 00:01:07]} {[%emt 00:00:08]} Nxe1+
{[%clk 00:12:37]} {[%emt 00:00:11]} 29. Rxe1 {[%clk 00:01:30]} {[%emt
00:00:06]} Qc6+ {[%clk 00:11:07]} {[%emt 00:02:00]} 30. Kg1 {[%clk 00:01:51]}
{[%emt 00:00:07]} Qd7 {[%clk 00:03:37]} {[%emt 00:08:03]} 31. Qc4 {[%clk
00:01:55]} {[%emt 00:00:26]} Qb5 {[%clk 00:03:22]} {[%emt 00:00:45]} 32. Qf7
{[%clk 00:02:18]} {[%emt 00:00:08]} Rd2 {[%clk 00:02:53]} {[%emt 00:01:00]} 33.
Bc5 {[%clk 00:00:54]} {[%emt 00:01:53]} Qd7 {[%clk 00:01:37]} {[%emt 00:01:47]}
34. Qb3 {[%clk 00:00:33]} {[%emt 00:00:50]} Bxc5 {[%clk 00:01:09]} {[%emt
00:00:58]} 35. bxc5+ {[%clk 00:00:55]} {[%emt 00:00:08]} Ka7 {[%clk 00:01:25]}
{[%emt 00:00:14]} 36. Rxe8 {[%clk 00:00:42]} {[%emt 00:00:43]} Qxe8 {[%clk
00:01:45]} {[%emt 00:00:11]} 37. c4 {[%clk 00:00:56]} {[%emt 00:00:15]} Qe1+
{[%clk 00:02:03]} {[%emt 00:00:13]} 38. Kg2 {[%clk 00:01:19]} {[%emt 00:00:07]}
Qxf2+ {[%clk 00:02:23]} {[%emt 00:00:10]} 39. Kh3 {[%clk 00:01:41]} {[%emt
00:00:08]} Qxh2# {[%clk 00:02:47]} {[%emt 00:00:06]} 0-1

[Event "DEM U12 2025"]
[Site "Willingen GER"]
[Date "2025.06.13"]
[Round "8"]
[White "Betz, Niclas"]
[Black "Hellriegel, Hannes"]
[Result "1-0"]
[Termination "normal"]
[Board "25"]
[WhiteElo "1678"]
[BlackElo "1849"]
[WhiteClock "00:47:28"]
[BlackClock "00:08:14"]
[PlyCount "93"]
[WhiteFideId "34616748"]
[BlackFideId "34623701"]
[EventCountry "GER"]
[EventRounds "9"]
[EventType "swiss"]
[EventDate "2025.06.07"]

1. d4 {[%clk 01:30:58]} {[%emt 00:00:02]} Nf6 {[%clk 01:30:56]} {[%emt
00:00:03]} 2. c4 {[%clk 01:31:18]} {[%emt 00:00:11]} e6 {[%clk 01:31:22]}
{[%emt 00:00:04]} 3. Nf3 {[%clk 01:31:42]} {[%emt 00:00:06]} d5 {[%clk
01:31:44]} {[%emt 00:00:08]} 4. Nc3 {[%clk 01:31:52]} {[%emt 00:00:20]} Bb4
{[%clk 01:29:00]} {[%emt 00:03:14]} 5. Bf4 {[%clk 01:29:47]} {[%emt 00:02:34]}
O-O {[%clk 01:28:31]} {[%emt 00:00:59]} 6. e3 {[%clk 01:29:52]} {[%emt
00:00:26]} Ne4 {[%clk 01:22:39]} {[%emt 00:06:22]} 7. Qc2 {[%clk 01:29:05]}
{[%emt 00:01:16]} c5 {[%clk 01:13:20]} {[%emt 00:09:51]} 8. Bd3 {[%clk
01:27:06]} {[%emt 00:02:27]} f5 {[%clk 01:01:45]} {[%emt 00:12:06]} 9. O-O
{[%clk 01:27:09]} {[%emt 00:00:28]} Nc6 {[%clk 00:55:27]} {[%emt 00:06:47]} 10.
cxd5 {[%clk 01:15:37]} {[%emt 00:12:02]} exd5 {[%clk 00:51:38]} {[%emt
00:04:19]} 11. Nxd5 {[%clk 01:15:18]} {[%emt 00:00:49]} g5 {[%clk 00:41:23]}
{[%emt 00:10:45]} 12. Bc7 {[%clk 01:10:25]} {[%emt 00:05:24]} Qe8 {[%clk
00:38:41]} {[%emt 00:03:11]} 13. Bxe4 {[%clk 01:10:03]} {[%emt 00:00:52]} fxe4
{[%clk 00:38:08]} {[%emt 00:01:03]} 14. Nxg5 {[%clk 01:10:14]} {[%emt
00:00:19]} Qh5 {[%clk 00:25:20]} {[%emt 00:13:18]} 15. Nxb4 {[%clk 01:09:28]}
{[%emt 00:01:16]} Qxg5 {[%clk 00:23:23]} {[%emt 00:02:28]} 16. Nxc6 {[%clk
01:08:35]} {[%emt 00:01:22]} bxc6 {[%clk 00:23:02]} {[%emt 00:00:52]} 17. Qxe4
{[%clk 01:07:45]} {[%emt 00:01:19]} cxd4 {[%clk 00:14:36]} {[%emt 00:08:56]}
18. Qxd4 {[%clk 01:05:26]} {[%emt 00:02:48]} Bh3 {[%clk 00:11:27]} {[%emt
00:03:39]} 19. Bg3 {[%clk 01:04:52]} {[%emt 00:01:04]} Be6 {[%clk 00:10:42]}
{[%emt 00:01:15]} 20. Rac1 {[%clk 01:00:18]} {[%emt 00:05:06]} Rfc8 {[%clk
00:09:43]} {[%emt 00:01:29]} 21. Rc5 {[%clk 00:57:00]} {[%emt 00:03:49]} Qg6
{[%clk 00:09:47]} {[%emt 00:00:25]} 22. b3 {[%clk 00:55:42]} {[%emt 00:01:50]}
Bd5 {[%clk 00:08:09]} {[%emt 00:02:07]} 23. Rfc1 {[%clk 00:49:58]} {[%emt
00:06:04]} Re8 {[%clk 00:05:32]} {[%emt 00:03:17]} 24. f3 {[%clk 00:49:19]}
{[%emt 00:01:09]} Rad8 {[%clk 00:05:11]} {[%emt 00:00:50]} 25. Qf4 {[%clk
00:46:46]} {[%emt 00:03:03]} h5 {[%clk 00:00:31]} {[%emt 00:05:10]} 26. e4
{[%clk 00:46:52]} {[%emt 00:00:24]} Bxe4 {[%clk 00:00:57]} {[%emt 00:00:04]}
27. fxe4 {[%clk 00:46:53]} {[%emt 00:00:30]} Rxe4 {[%clk 00:01:23]} {[%emt
00:00:05]} 28. Rg5 {[%emt 00:02:34]} Rxf4 {[%clk 00:01:33]} {[%emt 00:00:19]}
29. Rxg6+ {[%clk 00:45:12]} {[%emt 00:00:07]} Kh7 {[%clk 00:01:56]} {[%emt
00:00:07]} 30. Bxf4 {[%clk 00:44:33]} {[%emt 00:01:09]} Kxg6 {[%clk 00:02:22]}
{[%emt 00:00:04]} 31. Kf2 {[%clk 00:44:26]} {[%emt 00:00:37]} Rc8 {[%clk
00:02:44]} {[%emt 00:00:08]} 32. Rc5 {[%clk 00:44:29]} {[%emt 00:00:26]} a6
{[%clk 00:03:05]} {[%emt 00:00:11]} 33. Rg5+ {[%clk 00:44:36]} {[%emt
00:00:22]} Kh7 {[%clk 00:03:30]} {[%emt 00:00:05]} 34. Rxh5+ {[%clk 00:44:57]}
{[%emt 00:00:10]} Kg6 {[%clk 00:03:56]} {[%emt 00:00:04]} 35. Rc5 {[%clk
00:45:06]} {[%emt 00:00:20]} Kf6 {[%clk 00:04:19]} {[%emt 00:00:07]} 36. h4
{[%clk 00:45:07]} {[%emt 00:00:29]} Ke6 {[%clk 00:04:39]} {[%emt 00:00:10]} 37.
g4 {[%clk 00:45:19]} {[%emt 00:00:17]} Rf8 {[%clk 00:04:55]} {[%emt 00:00:15]}
38. Ke3 {[%clk 00:45:03]} {[%emt 00:00:46]} Kd7 {[%clk 00:05:16]} {[%emt
00:00:10]} 39. h5 {[%clk 00:45:22]} {[%emt 00:00:10]} Re8+ {[%clk 00:05:36]}
{[%emt 00:00:09]} 40. Re5 {[%clk 00:45:42]} {[%emt 00:00:11]} Rg8 {[%clk
00:05:59]} {[%emt 00:00:06]} 41. g5 {[%clk 00:45:56]} {[%emt 00:00:17]} Rh8
{[%clk 00:06:22]} {[%emt 00:00:07]} 42. g6 {[%clk 00:46:04]} {[%emt 00:00:22]}
Rg8 {[%clk 00:06:38]} {[%emt 00:00:14]} 43. h6 {[%clk 00:46:21]} {[%emt
00:00:13]} a5 {[%clk 00:07:01]} {[%emt 00:00:07]} 44. h7 {[%clk 00:46:43]}
{[%emt 00:00:08]} c5 {[%clk 00:07:27]} {[%emt 00:00:05]} 45. hxg8=Q {[%clk
00:47:00]} {[%emt 00:00:12]} a4 {[%clk 00:07:49]} {[%emt 00:00:07]} 46. Re6
{[%clk 00:47:06]} {[%emt 00:00:24]} axb3 {[%clk 00:08:14]} {[%emt 00:00:06]}
47. Qe8# {[%clk 00:47:28]} {[%emt 00:00:08]} 1-0